Tilastot visalle Sanat - "Täällä Pohjantähden alla" - Petri Laaksonen

Klikkaa tästä pelataksesi tätä visaa!

Yleistilastot

  • Tätä visaa on pelattu 72 kertaa
  • Keskiarvotulos 104 / 127

Vastaustilastot

Vastaus% Oikein
alla
100%
Pohjantähden
100%
Täällä
100%
täällä
100%
minä
90%
Ja
88%
ja
88%
itken
86%
kukkulalla
86%
tulen
86%
korkeimmalla
84%
kyyneleen
84%
lähden
84%
katson
83%
nähden
83%
vain
81%
kauas
76%
kaukaisuuteen
76%
taivas
76%
vuokses
76%
on
74%
purppuralla
72%
saan
72%
täyttyy
72%
uudestaan
72%
itselleni
71%
halla
69%
laulajalla
69%
siitä
69%
uniin
69%
asti
67%
peiton
67%
sieluun
67%
suojakseni
66%
hiipii
64%
tulet
64%
murheita
62%
kuu
60%
Pohjantähden
57%
alakuloinen
55%
tunteet
55%
itken
53%
kumoittava
53%
myös
53%
nähden
53%
repii
53%
rikki
53%
tappamalla
52%
sydämen
50%

Tulosjakauma

Persentiili vastausten määrän mukaan

Jokaisen tuloksen saaneiden osuus

Tuloshistoriasi

Et ole pelannut tätä visaa